000 00540nam a2200169 a 4500
001 000044656
005 20201002045530.0
008 141215s2013 dr 000 0 spa d
040 _aDO-SdBNP
_bspa
_cBNPHU
082 _axxxxx
_bxxxx
100 1 _aGenery Beatriz
_972672
245 1 3 _aLa Abeja Reyna y El Galán Abejón /
_cBeatriz Genery, Anthony Moro ; editor Clodomiro Moquete.
260 _aSanto Domingo :
_b[s. n.],
_c2013.
300 _a36 p. ;
_c21 cm.
700 1 _aMoro, Anthony
_972673
700 1 _aMoquete, Clodominro,
_eed.
_972674
999 _c44145
_d44145